| 000 | 00995nam a22003017a 4500 | ||
|---|---|---|---|
| 003 | CHAP | ||
| 005 | 20220329134711.0 | ||
| 008 | 971013s1960 r 10010 d | ||
| 010 | _a24418 | ||
| 011 | _a25390 | ||
| 035 | _a29490 | ||
| 040 | _cCHAP | ||
| 082 |
_a636.08947 _bC6 1960 |
||
| 111 | 0 | 0 |
_aComité Internacional Regional de Sanidad Agropecuaria. Reunión. ( _n8 _d: 1960 _c: San Salvador) _925887 |
| 245 | _aReunión | ||
| 260 |
_aSan Salvador : _bMinisterio de Agricultura y Ga nadería, _c1960 |
||
| 300 | _av. | ||
| 500 | _aLa biblioteca tiene: v.2 | ||
| 590 |
_aBATCH-UPD _b10 _c20130110 _lUCH01 _h1909 |
||
| 590 |
_aBATCH-UPD _b10 _c20130410 _lUCH01 _h1236 |
||
| 590 |
_aBATCH-UPD _b10 _c20130914 _lUCH01 _h2012 |
||
| 590 |
_aCONVERSION _b10 _c20130109 _lUCH01 _h1314 |
||
| 650 | 1 | 4 |
_aSanidad animal. _9102221 |
| 650 | 1 | 4 |
_aSanidad Vegetal _xCongresos. _9102227 |
| 901 | _aBK | ||
| 942 | _cLIBRO | ||
| 949 |
_a636.08947 C6 1960 _bBC _cLIBRO _d33724000092417 _eLIBRO _fv.2 _h44660 _i29490 _si |
||
| 999 |
_c24418 _d24418 |
||